50 personnalités de l'Antiquité - Statistiques

Statistiques générales
  • Ce quiz a été pris 914 fois
  • Le résultat moyen est 25 sur 50
Statistiques - réponses
Indice Réponse % Correct
Reine d'Égypte amante de Marc-Antoine Cléopâtre
95%
Assassiné lors des Ides de Mars Jules César
93%
A conquis l'empire Perse Alexandre le Grand
89%
Fondateur et premier roi de Rome Romulus
89%
Le frère jumeaux de ce dernier Rémus
88%
Fut défait à Alesia Vercingétorix
88%
Il trouva le fameux théorème des triangles rectangles Pythagore
85%
Empereur qui brûla Rome Néron
83%
Le chef des Huns Attila
82%
Le Premier empereur de Rome Auguste
81%
Il trahit Jésus-Christ Judas
75%
Son armée traversa les Alpes avec des éléphants Hannibal Barca
74%
Il but la Ciguë Socrate
73%
Auteur Grec fondateur de l'Académie Platon
71%
Précepteur de ce dernier Aristote
69%
"Tu quoque fili mihi" lui est destiné Brutus
67%
Empereur qui fit édifier un mur, frontière entre l'Écosse et l'Empire Romain Hadrien
64%
Le pharaon de la malédiction Toutankhamon
64%
Il s'exclama "Eurêka" Archimède
63%
Apôtre de Jésus considéré comme le premier Pape Pierre
63%
Il envisageait de nommer un cheval Consul Caligula
56%
Médecin qui révolutionna le médecine en Grèce Hippocrate
54%
Il s'opposa aux Perses aux Thermopyles Léonidas de Sparte
53%
La première épouse de ce dernier, d'une beauté légendaire Néfertiti
53%
Considéré comme le premier "éducateur" de Chine Confucius
49%
Premier empereur romain à se convertir au Christianisme Constantin
48%
Empereur perse qui étendit son empire jusqu'en Mer Égée Darius Ier
45%
Avocat romain qui déjoua la Conjuration de Catilina Cicéron
44%
Historien grec, considéré comme le premier historien Hérodote
44%
Le père de ce dernier, qui réforma temporairement la religion égyptienne Akhenaton
41%
Gendre de César, qui devint par la suite son adversaire après la Guerre des Gaules Pompée
41%
Le mère de celui-ci Agrippine
37%
La mort de cet empereur romain mit fin à la "Pax Romana" Marc Aurèle
35%
Défait ce dernier à Zama Scipion l'Africain
35%
Il prononça la phrase: "je m'en lave les mains" Ponce Pilate
32%
Fondatrice légendaire et première reine de Carthages Didon
31%
La pyramide de Gizeh est supposément son tombeau Khéops
30%
Auteur qui mourut au large de Pompei, pendant l'éruption du Vésuve Pline l'Ancien
28%
Père du taoïsme Lao Tseu
27%
Selon l'Évangile, il fit tuer tous les enfants mâles de moins de 2 ans Hérode Ier
25%
Empereur qui ordonna la construction du Colisée Vespasien
25%
Roi de Babylone qui régna lors de l'apogée de l'empire babylonien Nabuchodonosor II
24%
Son fils qui acheva la construction du Colisée Titus
24%
Astronome qui décrivit et nomma 48 constellations Ptolémée
22%
Dernier roi de Rome Tarquin le Superbe
22%
Auteur contraint au suicide par Néron Sénèque
21%
Il calcula la circonférence de la Terre Ératosthène
13%
Considéré comme le fondateur de la médecine égyptienne Imhotep
10%
Poète romain auteur des "Satires" et des "Épîtres" Horace
8%
Auteur romain de la pièce "Amphytrion" Plaute
8%
Aucun quiz correspondant
Distribution des résultats
% des personnes avec chaque résultat
Percentile par nombre de réponses
Votre historique - résultats
Vous n’avez pas pris ce quiz